| 000 | 01434cam a22004214i 4500 | ||
|---|---|---|---|
| 003 | PE-LiUPU | ||
| 005 | 20250731173205.0 | ||
| 008 | 150625s1969 bl r 000 0 spa d | ||
| 035 | _a(Sirsi) a31166 | ||
| 040 |
_aPE-LiUPU _bspa _cPE-LiUPU _erda |
||
| 082 | 0 | 4 |
_a220.469 _bF391969 _221 |
| 130 | 1 |
_aBiblia. _lPortugués. |
|
| 242 | _aSagrada biblia : Antiguo y Nuevo Testamento. | ||
| 245 | 1 | 2 |
_aA Bíblia Sagrada : _bAntigo e Novo Testamento. |
| 264 | 1 |
_aBrasilia : _bSociedade biblica do Brasil, _c1969. |
|
| 300 |
_a1239 páginas ; _c15 centímetros |
||
| 336 |
_atext _2rdacontent |
||
| 337 |
_aunmediated _2rdamedia |
||
| 338 |
_avolume _2rdacarrier |
||
| 505 | 0 | _aDesde Genesis hasta Apocalipsis. | |
| 526 | _aSEG42 | ||
| 526 | _aSEG41 | ||
| 526 | _aSEG40 | ||
| 526 | _aSEG39 | ||
| 526 | _aP94 | ||
| 526 | _aP87 | ||
| 526 | _aP86 | ||
| 526 | _aP85 | ||
| 526 | _aP77 | ||
| 526 | _aP76 | ||
| 526 | _aP35 | ||
| 630 | 0 | 4 |
_aBiblia. _lPortugués. |
| 942 |
_2ddc _cBOOK |
||
| 949 |
_a220.469 F39 1969 _wDEWEY _c1 _i36771 _lCCODEBUL1 _mBUL _p26.00 _r0 _sY _tBOOK _u2015-06-25 _xBIBLIOTECA _zUNKNOWN _0COMPRA _o.STAFF. Colección Teología |
||
| 596 | _a1 | ||
| 999 |
_a220.469 F39 1969 _wDEWEY _c38690 _i36771 _d38690 _e2019-5-23 _f2021-11-9 _g5 _lCCODEBUL1 _mBUL _n35 _p26.00 _q13 _r0 _sY _tBOOK _u2015-6-25 _xTEOLOGIA _PP35 _0COMPRA _o.STAFF. Colección Teología |
||
| 980 |
_81 _gALBERTO SANCHEZ Responsable de Automatización |
||